Catálogo público

Calculus / (Record no. 83836)

MARC details
000 -CABECERA
campo de control de longitud fija 01261cam a22003857a 4500
001 - NÚMERO DE CONTROL
campo de control 000087363
003 - IDENTIFICADOR DEL NÚMERO DE CONTROL
campo de control CHAP
005 - FECHA Y HORA DE LA ÚLTIMA TRANSACCIÓN
campo de control 20220329142449.0
008 - DATOS DE LONGITUD FIJA--INFORMACIÓN GENERAL
campo de control de longitud fija 010327d1995 mx r 00110 spa d
010 ## - NÚMERO DE CONTROL DE LA BIBLIOTECA DEL CONGRESO
Número de control de LC 83836
011 ## - ENLACE DEL NUMERO DE CONTROL DE LA BIBLIOTECA DEL CONGRESO [OBSOLETO]
Número de control de LC 84808
020 ## - NÚMERO INTERNACIONAL ESTÁNDAR DEL LIBRO
Número Internacional Estándar del Libro 8429151532
035 ## - NÚMERO DE CONTROL DEL SISTEMA
Número de control de sistema 95334
040 ## - FUENTE DE LA CATALOGACIÓN
Centro/agencia transcriptor CHAP
082 04 - NÚMERO DE LA CLASIFICACIÓN DECIMAL DEWEY
Número de clasificación 517
Número de documento/Ítem S3Y 1995
100 00 - ENTRADA PRINCIPAL--NOMBRE DE PERSONA
Nombre de persona Salas, Saturnino L.
9 (RLIN) 101345
245 10 - MENCIÓN DE TÍTULO
Título Calculus /
Mención de responsabilidad, etc. /por S.L. Salas y Einar Hille.
260 ## - PUBLICACIÓN, DISTRIBUCIÓN, ETC.
Lugar de publicación, distribución, etc. México, D. F. :
Nombre del editor, distribuidor, etc. Reverté,
Fecha de publicación, distribución, etc. 1995.
300 ## - DESCRIPCIÓN FÍSICA
Extensión 2 v.
500 ## - NOTA GENERAL
Nota general Trad. de : Calculus. One and several variables 6ed.
590 ## - NOTA LOCAL (RLIN)
Nota local BATCH-UPD
Procedencia (VM) [OBSOLETO] 10
Condición del los carretes individuales (VM) [OBSOLETO] 20130110
-- UCH01
-- 1539
590 ## - NOTA LOCAL (RLIN)
Nota local BATCH-UPD
Procedencia (VM) [OBSOLETO] 10
Condición del los carretes individuales (VM) [OBSOLETO] 20130410
-- UCH01
-- 0942
590 ## - NOTA LOCAL (RLIN)
Nota local BATCH-UPD
Procedencia (VM) [OBSOLETO] 10
Condición del los carretes individuales (VM) [OBSOLETO] 20130914
-- UCH01
-- 0951
590 ## - NOTA LOCAL (RLIN)
Nota local CONVERSION
Procedencia (VM) [OBSOLETO] 10
Condición del los carretes individuales (VM) [OBSOLETO] 20130109
-- UCH01
-- 1347
590 ## - NOTA LOCAL (RLIN)
Nota local E11695DGD
Procedencia (VM) [OBSOLETO] 10
Condición del los carretes individuales (VM) [OBSOLETO] 20150130
-- UCH01
-- 1510
650 14 - PUNTO DE ACCESO ADICIONAL DE MATERIA--TÉRMINO DE MATERIA
Término de materia o nombre geográfico como elemento de entrada Cálculo.
9 (RLIN) 23990
650 14 - PUNTO DE ACCESO ADICIONAL DE MATERIA--TÉRMINO DE MATERIA
Término de materia o nombre geográfico como elemento de entrada Geometría analítica.
9 (RLIN) 47654
700 0# - PUNTO DE ACCESO ADICIONAL--NOMBRE DE PERSONA
Nombre de persona Hille, Einar.
9 (RLIN) 55448
901 ## - ELEMENTOS DE DATOS A LOCAL LDA (RLIN)
a BK
905 ## - ELEMENTOS DE DATOS E LOCAL, LDE (RLIN)
a Lilia Sánchez G.
942 ## - ELEMENTOS DE PUNTO DE ACCESO ADICIONAL (KOHA)
Tipo de ítem Koha Libro
942 ## - ELEMENTOS DE PUNTO DE ACCESO ADICIONAL (KOHA)
Suprimir en OPAC 0
949 ## - PROCESAMIENTO DE INFORMACIÓN LOCAL (OCLC)
a 517 S3Y 1995
b BC
c LIBRO
d 33724000820262
e LIBRO
f v.2
g I.210862
h 100016
i 95334
s o
t $378.00
949 ## - PROCESAMIENTO DE INFORMACIÓN LOCAL (OCLC)
a 517 S3Y 1995
b BC
c LIBRO
d 33724002329553
e LIBRO
f v.1
g I.210862
h 100015
i 95334
m reposiciØn
s o
t $378.00
Holdings
Estado de retiro Estado de pérdida Fuente del sistema de clasificación o colocación Estado dañado Restricciones de uso No para préstamo Código de colección Localización permanente Ubicación/localización actual Ubicación en estantería Fecha de adquisición Fuente de adquisición Información codificada de la localización en otra ubicación Total de préstamos Renovaciones totales Signatura topográfica completa Código de barras Fecha visto por última vez Fecha del último préstamo Número de copia Precio válido a partir de Tipo de ítem Koha
    Dewey Decimal Classification   Préstamo 15 días   General Biblioteca Central Biblioteca Central Planta alta - Colección General 31/12/2019 I.210862 LIBRO 10 7 517 S3Y 1995 33724002565009 23/10/2025 07/10/2025 v.1 31/12/2019 Libro
    Dewey Decimal Classification   Préstamo 15 días   General Biblioteca Central Biblioteca Central Planta alta - Colección General 31/12/2019 I.210862 LIBRO     517 S3Y 1995 33724002562876 31/12/2019   v.2 31/12/2019 Libro